| 000 | 01099cam a2200313 a 4500 | ||
|---|---|---|---|
| 001 | 13569123 | ||
| 003 | BD-DhUL | ||
| 005 | 20170514085435.0 | ||
| 008 | 031114s2003 my b 001 0 eng | ||
| 010 | _a 2003534836 | ||
| 020 | _a9839236962 | ||
| 035 | _a(DLC) 2003534836 | ||
| 037 |
_bLibrary of Congress -- Jakarta Overseas Office _cM[dollar]65.00 |
||
| 040 |
_aDLC _cDLC _dBD-DhUL |
||
| 042 | _alcode | ||
| 043 | _aa-my--- | ||
| 050 | 0 | 0 |
_aJQ1062.A58 _bA234 2003 |
| 082 |
_a352.6309595 _bAHM |
||
| 100 | 0 | _aAbdullah Sanusi bin Ahmad. | |
| 245 | 1 | 4 |
_aThe Malaysian bureaucracy : _bfour decades of development / _cAbdullah Sanusi Ahmad, Norma Mansor, Abdul Kuddus Ahmad. |
| 260 |
_aPetaling Jaya, Selangor, Malaysia ; _aNew York : _bPearson/Prentice Hall, _cc2003. |
||
| 300 |
_axiv, 274 p. ; _c25 cm. |
||
| 504 | _aIncludes bibliographical references and index. | ||
| 650 | 0 |
_aPublic administration _zMalaysia _xHistory. |
|
| 651 | 0 |
_aMalaysia _xPolitics and government. |
|
| 700 | 0 |
_aNorma Mansor. _ejt. aut. |
|
| 700 | 0 |
_aAbdul Kuddus Ahmad, _d1939- _ejt. aut. |
|
| 942 |
_2ddc _cBK |
||
| 999 |
_c195442 _d195442 |
||